| 000 | 00455nam a2200193Ia 4500 | ||
|---|---|---|---|
| 005 | 20250603145309.0 | ||
| 008 | 250603s9999 xx 000 0 und d | ||
| 020 | _a9780132729734 | ||
| 050 | _aTJ 175 .M97/ | ||
| 100 | _aMyszka, David H. | ||
| 245 | 0 | _aMachines and mechanisms : applied kinematic analysis | |
| 250 | _a4th ed. | ||
| 260 | _aBoston | ||
| 260 | _bPearson | ||
| 260 | _c2012 | ||
| 300 | _a376 p | ||
| 650 | _aBoston | ||
| 942 | _cBK | ||
| 999 |
_c41444 _d41444 |
||